[Event "FICGS W-ch st2 g02 email"]
[Site "FICGS email"]
[Date "2022.11.15"]
[Round "1"]
[White "Dumont, Freddy"]
[Black "Kosic, Branko"]
[Result "1/2-1/2"]
[WhiteElo "2071"]
[BlackElo "2265"]
[PlyCount "94"]
[EventDate "2022.??.??"]
[EventType "tourn (corr)"]
[EventRounds "6"]
[SourceTitle "Corr 2024"]
[Source "ChessBase"]
[SourceDate "2023.10.19"]
[SourceVersion "1"]
[SourceVersionDate "2023.10.19"]
[SourceQuality "1"]

1. e4 c5 2. Nf3 Nc6 3. d4 cxd4 4. Nxd4 Nf6 5. Nc3 e5 6. Ndb5 d6 7. Nd5 Nxd5 8. exd5 Nb8 9. c4 Be7 10. c5 0-0 11. Bd3 Na6 12. cxd6 Bxd6 13. 0-0 Nb4 14. Be4 f5 15. Nxd6 Qxd6 16. a3 fxe4 17. axb4 Bf5 18. h3 Rf7 19. Qb3 Qg6 20. Kh2 h6 21. Re1 b6 22. Be3 Raf8 23. Rg1 Qh5 24. d6 Kh8 25. Qc3 Bg4 26. Qc2 Rf3 27. Rh1 Bf5 28. Kg1 Qg6 29. Qc7 Rf7 30. Qd8+ Kh7 31. Qh4 Bd7 32. Kh2 R3f6 33. Rhd1 Bc6 34. Qg4 Qxg4 35. hxg4 Rd7 36. Ra3 g5 37. Kg3 Kg6 38. Kh2 Rdxd6 39. Rxd6 Rxd6 40. Rxa7 Bd7 41. Rb7 b5 42. Bc5 Rd2 43. Rb6+ Kg7 44. Be3 Rd5 45. Bc5 Rd2 46. Be3 Rd3 47. Bc5 Rd2 1/2-1/2

[Event "FICGS class A 000252 email"]
[Site "FICGS email"]
[Date "2021.11.07"]
[Round "1"]
[White "Dumont, Freddy"]
[Black "Pech, Jaroslav Sr"]
[Result "1-0"]
[WhiteElo "2029"]
[BlackElo "2009"]
[PlyCount "35"]
[EventDate "2021.??.??"]
[EventType "tourn (corr)"]
[EventRounds "6"]
[SourceTitle "Corr 2024"]
[Source "ChessBase"]
[SourceDate "2023.10.19"]
[SourceVersion "1"]
[SourceVersionDate "2023.10.19"]
[SourceQuality "1"]

1. e4 c5 2. Nf3 Nc6 3. d4 cxd4 4. Nxd4 Nf6 5. Nc3 e5 6. Ndb5 d6 7. Bg5 a6 8. Na3 b5 9. Nd5 Be7 10. Bxf6 Bxf6 11. c3 0-0 12. Nc2 Bg5 13. a4 bxa4 14. Rxa4 a5 15. Bc4 Rb8 16. b3 Kh8 17. Nce3 g6 18. 0-0 1-0

[Event "FICGS rapid A 000275 email"]
[Site "FICGS email"]
[Date "2021.09.28"]
[Round "1"]
[White "Dumont, Freddy"]
[Black "Bussoli, Marco"]
[Result "1/2-1/2"]
[WhiteElo "1902"]
[BlackElo "1962"]
[PlyCount "118"]
[EventDate "2021.??.??"]
[EventType "tourn (rapid)"]
[EventRounds "6"]
[SourceTitle "Corr 2024"]
[Source "ChessBase"]
[SourceDate "2023.10.19"]
[SourceVersion "1"]
[SourceVersionDate "2023.10.19"]
[SourceQuality "1"]

1. e4 c5 2. Nf3 e6 3. Qe2 Nc6 4. g3 g6 5. c3 e5 6. Bg2 d6 7. 0-0 Bg7 8. Na3 Nf6 9. Nc2 0-0 10. d3 h6 11. b4 cxb4 12. cxb4 a6 13. a4 Re8 14. Bb2 Be6 15. d4 exd4 16. Nfxd4 Bd7 17. f3 Qc7 18. Kh1 h5 19. Qd2 Ne5 20. Ne3 d5 21. f4 Neg4 22. Rac1 Qd8 23. Nxg4 Bxg4 24. h3 Bd7 25. exd5 Ne4 26. Qd3 Nd6 27. Ne6 Bxe6 28. dxe6 Rxe6 29. Rfe1 Rxe1+ 30. Rxe1 Bxb2 31. Rd1 Qd7 32. Qxd6 Qxa4 33. Bxb7 Ra7 34. Bf3 Kg7 35. f5 a5 36. bxa5 Qxa5 37. fxg6 fxg6 38. Qd2 Qxd2 39. Rxd2 Be5 40. Kg2 Ra3 41. h4 Kf6 42. Rf2 Ke7 43. Re2 Ke6 44. g4 hxg4 45. Bxg4+ Kd5 46. Bf3+ Ke6 47. Re4 Kf5 48. Rg4 Bf4 49. h5 g5 50. Be2 Ke4 51. Kf2 Rb3 52. Bd1 Rb2+ 53. Be2 Kf5 54. Kf3 Rb3+ 55. Kf2 Ke4 56. Bd1 Rb2+ 57. Be2 Kf5 58. Kf3 Rb3+ 59. Kf2 Ke4 1/2-1/2

[Event "FICGS class C 000346 email"]
[Site "FICGS email"]
[Date "2021.09.27"]
[Round "1"]
[White "Swiatek, Janusz"]
[Black "Dumont, Freddy"]
[Result "1-0"]
[WhiteElo "2069"]
[BlackElo "1902"]
[PlyCount "107"]
[EventDate "2021.??.??"]
[EventType "tourn (corr)"]
[EventRounds "1"]
[SourceTitle "Corr 2024"]
[Source "ChessBase"]
[SourceDate "2023.10.19"]
[SourceVersion "1"]
[SourceVersionDate "2023.10.19"]
[SourceQuality "1"]

1. e4 c5 2. Nf3 d6 3. d4 cxd4 4. Nxd4 Nf6 5. Nc3 e6 6. g4 h6 7. Rg1 Nc6 8. Be3 a6 9. h4 h5 10. gxh5 Nxh5 11. Qd2 Nxd4 12. Qxd4 Qa5 13. 0-0-0 Nf6 14. Bg5 Bd7 15. f4 Rc8 16. Be2 Qc5 17. Qd3 b5 18. a3 Nh7 19. Kb1 b4 20. axb4 Qxb4 21. e5 Rb8 22. b3 Rc8 23. Rg3 Nxg5 24. fxg5 d5 25. h5 Rc7 26. Rf1 d4 27. Ne4 Bb5 28. Qf3 Bxe2 29. Qxe2 Qb5 30. Qxb5+ axb5 31. Rh3 Be7 32. h6 0-0 33. hxg7 Kxg7 34. g6 fxg6 35. Rfh1 b4 36. Rh7+ Kg8 37. Kb2 Ra7 38. R1h6 d3 39. cxd3 g5 40. Rh8+ Kf7 41. R6h7+ Ke8 42. Nd6+ Bxd6 43. Rxf8+ Kxf8 44. Rxa7 Bxe5+ 45. Kc1 g4 46. Kd2 g3 47. Ke3 Bd6 48. Rd7 Bf4+ 49. Kf3 Be5 50. Rb7 Bd6 51. d4 Ke8 52. Rh7 Kd8 53. Ke4 Ke8 54. d5 1-0

[Event "FICGS class C 000296 email"]
[Site "FICGS email"]
[Date "2021.09.14"]
[Round "1"]
[White "Trigance, Emile"]
[Black "Dumont, Freddy"]
[Result "0-1"]
[WhiteElo "1776"]
[BlackElo "1902"]
[PlyCount "64"]
[EventDate "2021.??.??"]
[EventType "tourn (corr)"]
[EventRounds "4"]
[SourceTitle "Corr 2024"]
[Source "ChessBase"]
[SourceDate "2023.10.19"]
[SourceVersion "1"]
[SourceVersionDate "2023.10.19"]
[SourceQuality "1"]

1. e4 c5 2. Nf3 d6 3. d4 cxd4 4. Nxd4 Nf6 5. Nc3 e6 6. Bc4 Be7 7. Bb3 0-0 8. Qe2 a6 9. g4 b5 10. g5 Nfd7 11. Rg1 Nc5 12. a3 Nxb3 13. Nxb3 Nc6 14. f4 b4 15. Nd1 bxa3 16. bxa3 f5 17. exf5 Rxf5 18. Qc4 Bd7 19. Bb2 d5 20. Qc3 Qf8 21. Rf1 Bxg5 22. Ne3 Bf6 23. Qc5 Bxb2 24. Qxf8+ Rfxf8 25. Ra2 Bc3+ 26. Kd1 d4 27. Nc4 e5 28. Nb6 Bg4+ 29. Kc1 Rae8 30. Nd5 Be2 31. Rf2 exf4 32. Rb2 Bc4 0-1

[Event "FICGS class B 000128 email"]
[Site "FICGS email"]
[Date "2010.10.25"]
[Round "1"]
[White "Dumont, Freddy"]
[Black "Flores, Luis"]
[Result "0-1"]
[WhiteElo "1958"]
[BlackElo "1848"]
[PlyCount "94"]
[EventDate "2010.??.??"]
[EventType "tourn (corr)"]
[EventRounds "6"]
[SourceTitle "Corr 2013"]
[Source "ChessBase"]
[SourceDate "2012.11.12"]
[SourceVersion "1"]
[SourceVersionDate "2012.11.12"]
[SourceQuality "1"]

1. e4 c5 2. Nf3 d6 3. d4 cxd4 4. Nxd4 Nf6 5. Nc3 a6 6. Be2 e5 7. Nb3 Be7 8. 0-0 0-0 9. Be3 Be6 10. Qd2 Nbd7 11. a4 Nb6 12. a5 Nc4 13. Bxc4 Bxc4 14. Rfd1 Rc8 15. Nc1 Qc7 16. Nd3 Be6 17. Bb6 Qc4 18. f3 Bd8 19. Be3 Qc7 20. Qf2 h6 21. Qe1 Re8 22. Qg3 Qb8 23. h3 Be7 24. Ra4 Bd7 25. Raa1 Be6 26. Nb4 Qc7 27. Rd2 Kh7 28. Kh1 Qc4 29. Nd3 Bd7 30. Qe1 Bd8 31. Rdd1 d5 32. exd5 e4 33. Nc5 Rxc5 34. Rd4 exf3 35. Rxc4 fxg2+ 36. Kxg2 Rxc4 37. b3 Rc8 38. Qd2 Bf5 39. Bb6 Ne4 40. Qf4 g6 41. Nxe4 Rxe4 42. Qf2 Bh4 43. Qd2 Bg5 44. Qd1 Rc3 45. Bd4 Rxh3 46. Bf2 Rh5 47. Ra4 Rxa4 0-1

[Event "LSS SB-2010-0-00113"]
[Site "LSS email"]
[Date "2010.10.18"]
[Round "?"]
[White "Dumont, Freddy"]
[Black "Correa de Almeida, Claudio"]
[Result "0-1"]
[WhiteElo "1773"]
[BlackElo "1685"]
[PlyCount "98"]
[EventDate "2010.09.20"]
[EventType "tourn (corr)"]
[EventRounds "6"]
[EventCountry "GER"]
[SourceTitle "Telechess CBM 147"]
[Source "ChessBase"]
[SourceDate "2012.03.16"]
[SourceVersion "1"]
[SourceVersionDate "2012.03.16"]
[SourceQuality "1"]

1. e4 e6 2. Qe2 c5 3. Nf3 Nc6 4. g3 g6 5. Bg2 Bg7 6. 0-0 Nge7 7. d3 0-0 8. Nc3 d6 9. a4 a6 10. Ra3 Bd7 11. Bg5 h6 12. Be3 Nd4 13. Qd2 g5 14. a5 Nec6 15. Na4 Nxf3+ 16. Bxf3 Nxa5 17. Nxc5 dxc5 18. Rxa5 Qf6 19. Qd1 Qxb2 20. Rxc5 Rfc8 21. Rxc8+ Rxc8 22. c4 b5 23. Bh5 Be8 24. f4 gxf4 25. Rxf4 bxc4 26. dxc4 Qc3 27. Qf3 Rc7 28. Rg4 Kh8 29. Kg2 Qxc4 30. Rxg7 Kxg7 31. Qg4+ Kf8 32. Bxh6+ Ke7 33. Bg5+ f6 34. Bxf6+ Kxf6 35. Bxe8 Qc1 36. Qf3+ Ke5 37. Qh5+ Kd4 38. Qh8+ e5 39. Bg6 Rc2+ 40. Kh3 Qb2 41. Qd8+ Ke3 42. Qg5+ Kf2 43. Qd8 Rd2 44. Qf6+ Kg1 45. Qxa6 Qd4 46. Qc8 Rxh2+ 47. Kg4 Rd2 48. Qc1+ Kg2 49. Qe1 Qd3 0-1

[Event "FICGS class B 000117 email"]
[Site "FICGS email"]
[Date "2010.07.25"]
[Round "1"]
[White "Cade, Stephen"]
[Black "Dumont, Freddy"]
[Result "1-0"]
[WhiteElo "1996"]
[BlackElo "1928"]
[PlyCount "91"]
[EventDate "2010.??.??"]
[EventType "tourn (corr)"]
[EventRounds "6"]
[SourceTitle "Corr 2022"]
[Source "ChessBase"]
[SourceDate "2021.10.24"]
[SourceVersion "1"]
[SourceVersionDate "2021.10.24"]
[SourceQuality "1"]

1. Nf3 d5 2. d4 Nf6 3. c4 c6 4. Nc3 e6 5. Bg5 Nbd7 6. e3 Qa5 7. cxd5 Nxd5 8. Qd2 Bb4 9. Rc1 0-0 10. a3 Bd6 11. Bd3 e5 12. Nxd5 Qxd2+ 13. Kxd2 cxd5 14. dxe5 Nxe5 15. Nxe5 Bxe5 16. Rc2 Bd7 17. Bf4 f6 18. Bxe5 fxe5 19. Rf1 Rac8 20. Rxc8 Rxc8 21. f4 e4 22. Be2 Kf7 23. Rc1 Rxc1 24. Kxc1 Ke7 25. Kd2 Ba4 26. Kc3 Ke6 27. b3 Bc6 28. Bg4+ Kd6 29. Kd4 b6 30. Bf5 h6 31. Bh7 Bd7 32. Bg8 Bc6 33. Bf7 Bb7 34. f5 Bc6 35. g4 Bb7 36. h4 Bc6 37. h5 a5 38. g5 Ke7 39. gxh6 gxh6 40. Bxd5 Be8 41. Kxe4 Kf6 42. Kf4 Bxh5 43. e4 Bd1 44. e5+ Ke7 45. f6+ Kf8 46. e6 1-0

[Event "FICGS class B 000116 email"]
[Site "FICGS email"]
[Date "2010.07.19"]
[Round "1"]
[White "Dumont, Freddy"]
[Black "Jacon, Marcel"]
[Result "1-0"]
[WhiteElo "1928"]
[BlackElo "1800"]
[PlyCount "141"]
[EventDate "2010.??.??"]
[EventType "tourn (corr)"]
[EventRounds "6"]
[SourceTitle "Corr 2013"]
[Source "ChessBase"]
[SourceDate "2012.11.12"]
[SourceVersion "1"]
[SourceVersionDate "2012.11.12"]
[SourceQuality "1"]

1. e4 d6 2. d4 Nf6 3. Nc3 Nbd7 4. Nf3 e5 5. Bc4 Be7 6. 0-0 h6 7. Qe2 0-0 8. Rd1 exd4 9. Nxd4 c6 10. Bf4 Re8 11. Be3 Qa5 12. a3 Ne5 13. Bb3 Qc7 14. h3 Bf8 15. a4 Qa5 16. Re1 Bd7 17. f4 Ng6 18. Qd3 Nh5 19. Rf1 Ngxf4 20. Bxf4 Nxf4 21. Rxf4 Be6 22. Nxe6 fxe6 23. Raf1 d5 24. Kh1 Rad8 25. Rf7 Kh8 26. e5 Qa6 27. Qxa6 bxa6 28. Rxa7 Ra8 29. Rff7 a5 30. Ne2 c5 31. Rxa8 Rxa8 32. c3 g5 33. Bc2 Kg8 34. Rc7 Bg7 35. Rxc5 Bxe5 36. Nd4 Bxd4 37. cxd4 Ra6 38. Bd1 Kg7 39. Kh2 Kg6 40. Be2 Ra7 41. Rc6 Re7 42. Bg4 Kf7 43. Ra6 Rb7 44. Bxe6+ Ke7 45. Bxd5 Rxb2 46. Bf3 Rb4 47. Rxa5 Rxd4 48. Ra6 Rb4 49. a5 Ra4 50. Ra7+ Kd8 51. a6 Ra1 52. Bg4 h5 53. Rd7+ Ke8 54. a7 hxg4 55. Rh7 gxh3 56. a8Q+ Rxa8 57. Rh8+ Kf7 58. Rxa8 hxg2 59. Ra6 g1Q+ 60. Kxg1 Kg7 61. Kg2 Kf7 62. Kg3 Ke7 63. Kg4 Kd7 64. Kxg5 Kc7 65. Kf6 Kb7 66. Re6 Kc7 67. Ke7 Kb8 68. Kd7 Kb7 69. Rh6 Kb8 70. Kc6 Ka8 71. Kb6 1-0

[Event "FICGS class B 000116 email"]
[Site "FICGS email"]
[Date "2010.07.19"]
[Round "1"]
[White "Dumont, Freddy"]
[Black "Nellutla, Manobhiram"]
[Result "1-0"]
[WhiteElo "1928"]
[BlackElo "1800"]
[PlyCount "35"]
[EventDate "2010.??.??"]
[EventType "tourn (corr)"]
[EventRounds "6"]
[SourceTitle "Corr 2013"]
[Source "ChessBase"]
[SourceDate "2012.11.12"]
[SourceVersion "1"]
[SourceVersionDate "2012.11.12"]
[SourceQuality "1"]

1. e4 e5 2. Nf3 d6 3. d4 a6 4. dxe5 dxe5 5. Qxd8+ Kxd8 6. Nxe5 Be6 7. Nc3 Nd7 8. Bf4 Ngf6 9. Nd3 Bb4 10. Nxb4 Re8 11. 0-0-0 Kc8 12. Be2 Bg4 13. Bxg4 Nxg4 14. Rd2 a5 15. Nbd5 c6 16. Nc7 Ra6 17. Nxe8 Ndf6 18. Rhd1 1-0

[Event "FICGS class B 000116 email"]
[Site "FICGS email"]
[Date "2010.07.19"]
[Round "1"]
[White "Faust, Dieter"]
[Black "Dumont, Freddy"]
[Result "1/2-1/2"]
[WhiteElo "1851"]
[BlackElo "1928"]
[PlyCount "40"]
[EventDate "2010.??.??"]
[EventType "tourn (corr)"]
[EventRounds "6"]
[SourceTitle "Corr 2013"]
[Source "ChessBase"]
[SourceDate "2012.11.12"]
[SourceVersion "1"]
[SourceVersionDate "2012.11.12"]
[SourceQuality "1"]

1. d4 Nf6 2. c4 c6 3. Nc3 d5 4. Nf3 e6 5. e3 Nbd7 6. Qc2 Bd6 7. Bd3 dxc4 8. Bxc4 b5 9. Bd3 Bb7 10. 0-0 0-0 11. a3 Rc8 12. b4 a5 13. Qb3 Ra8 14. Bd2 axb4 15. axb4 Qe7 16. e4 e5 17. h3 exd4 18. Nxd4 Qe5 19. Nf3 Qe7 20. Nd4 Qe5 1/2-1/2

[Event "FICGS class B 000116 email"]
[Site "FICGS email"]
[Date "2010.07.19"]
[Round "1"]
[White "Rizalino, Oliver"]
[Black "Dumont, Freddy"]
[Result "0-1"]
[WhiteElo "1800"]
[BlackElo "1928"]
[PlyCount "52"]
[EventDate "2010.??.??"]
[EventType "tourn (corr)"]
[EventRounds "6"]
[SourceTitle "Corr 2013"]
[Source "ChessBase"]
[SourceDate "2012.11.12"]
[SourceVersion "1"]
[SourceVersionDate "2012.11.12"]
[SourceQuality "1"]

1. e4 c5 2. Bc4 e6 3. Nf3 d6 4. Nc3 Nf6 5. d3 Be7 6. 0-0 0-0 7. a3 Nc6 8. h3 a6 9. Bf4 b5 10. Ba2 Qb6 11. Ne2 Re8 12. c3 Bb7 13. Ng3 Rac8 14. Be3 Qc7 15. Ne1 d5 16. f4 dxe4 17. dxe4 c4 18. e5 Nd5 19. Qe2 Nxe5 20. fxe5 Nxe3 21. Rf2 Bc5 22. Kh2 Qxe5 23. Nf3 Qc7 24. Nd4 Nf5 25. Ndxf5 exf5 26. Qd2 Re3 0-1

[Event "FICGS W-ch st1 g10 email"]
[Site "FICGS email"]
[Date "2010.07.02"]
[Round "1"]
[White "Sternik, Ryszard"]
[Black "Dumont, Freddy"]
[Result "1/2-1/2"]
[WhiteElo "1723"]
[BlackElo "1928"]
[PlyCount "53"]
[EventDate "2010.??.??"]
[EventType "tourn (corr)"]
[EventRounds "6"]
[SourceTitle "Corr 2013"]
[Source "ChessBase"]
[SourceDate "2012.11.12"]
[SourceVersion "1"]
[SourceVersionDate "2012.11.12"]
[SourceQuality "1"]

1. e4 c5 2. Nf3 d6 3. d4 cxd4 4. Nxd4 Nf6 5. Nc3 e6 6. Be3 a6 7. f3 b5 8. g4 h6 9. Qd2 Nbd7 10. 0-0-0 Bb7 11. a3 d5 12. exd5 Nxd5 13. Nxd5 Bxd5 14. Be2 Rc8 15. h4 Ne5 16. Kb1 Qc7 17. Rhe1 Be7 18. Bf4 Nc4 19. Bxc4 Qxc4 20. b3 Qc3 21. Qxc3 Rxc3 22. Be5 Bxf3 23. Nxe6 fxe6 24. Bxc3 Bxd1 25. Rxd1 0-0 26. Re1 Kf7 27. Rf1+ 1/2-1/2

[Event "FICGS rapid A 000080 email"]
[Site "FICGS email"]
[Date "2010.04.02"]
[Round "1"]
[White "Dumont, Freddy"]
[Black "Juett, Jason Robert"]
[Result "0-1"]
[WhiteElo "1939"]
[BlackElo "1950"]
[PlyCount "36"]
[EventDate "2010.??.??"]
[EventType "tourn (rapid)"]
[EventRounds "6"]
[SourceTitle "Corr 2013"]
[Source "ChessBase"]
[SourceDate "2012.11.12"]
[SourceVersion "1"]
[SourceVersionDate "2012.11.12"]
[SourceQuality "1"]

1. e4 c5 2. Nf3 d6 3. d4 cxd4 4. Nxd4 Nf6 5. Nc3 g6 6. Be3 Bg7 7. f3 Nc6 8. Qd2 0-0 9. Bc4 Bd7 10. 0-0-0 Rc8 11. Bb3 Nxd4 12. Bxd4 b5 13. h4 a5 14. h5 a4 15. Bxf6 exf6 16. Qxd6 axb3 17. Qxd7 Qa5 18. Qd5 Rxc3 0-1

[Event "FICGS class B 000097 email"]
[Site "FICGS email"]
[Date "2010.01.12"]
[Round "1"]
[White "Chobaut, Nicolas"]
[Black "Dumont, Freddy"]
[Result "0-1"]
[WhiteElo "1800"]
[BlackElo "1957"]
[PlyCount "70"]
[EventDate "2010.??.??"]
[EventType "tourn (corr)"]
[EventRounds "5"]
[SourceTitle "Corr 2013"]
[Source "ChessBase"]
[SourceDate "2012.11.12"]
[SourceVersion "1"]
[SourceVersionDate "2012.11.12"]
[SourceQuality "1"]

1. c4 Nf6 2. Nc3 d5 3. cxd5 Nxd5 4. g3 Nb6 5. Bg2 g6 6. d3 Bg7 7. Be3 Nc6 8. Qd2 Nd4 9. Rc1 Nf5 10. Bc5 Nd7 11. Ba3 0-0 12. Nf3 c6 13. 0-0 Nf6 14. Rfd1 Re8 15. d4 Bh6 16. e3 Ng4 17. Re1 e5 18. dxe5 Qxd2 19. Nxd2 Nxe5 20. Nde4 Bg7 21. Red1 Nc4 22. Nd6 Nfxd6 23. Bxd6 Bg4 24. f3 Nxb2 25. fxg4 Bxc3 26. Rf1 Bd2 27. Rc2 Bxe3+ 28. Kh1 Nd3 29. h4 Rad8 30. Ba3 Bb6 31. Kh2 Ne1 32. Rb2 Re3 33. Bb4 Nd3 34. Rb3 Nxb4 35. Rxb4 Re2 0-1

[Event "FICGS class B 000097 email"]
[Site "FICGS email"]
[Date "2010.01.12"]
[Round "1"]
[White "Dumont, Freddy"]
[Black "Axon, Alexander"]
[Result "1/2-1/2"]
[WhiteElo "1957"]
[BlackElo "1800"]
[PlyCount "104"]
[EventDate "2010.??.??"]
[EventType "tourn (corr)"]
[EventRounds "5"]
[SourceTitle "Corr 2013"]
[Source "ChessBase"]
[SourceDate "2012.11.12"]
[SourceVersion "1"]
[SourceVersionDate "2012.11.12"]
[SourceQuality "1"]

1. e4 e5 2. Nf3 Nc6 3. Bb5 a6 4. Ba4 Nf6 5. 0-0 Be7 6. Re1 b5 7. Bb3 0-0 8. a4 Bb7 9. d3 d6 10. a5 Re8 11. Nbd2 Bf8 12. Nf1 d5 13. exd5 Nxd5 14. Ng5 f6 15. Nf3 Kh8 16. Ng3 Qd7 17. Bd2 Nf4 18. Ne4 Rad8 19. Rc1 Bb4 20. c3 Bf8 21. Bxf4 exf4 22. Bc2 Nxa5 23. Ra1 Bxe4 24. Rxe4 Rxe4 25. dxe4 Qxd1+ 26. Bxd1 Nc4 27. Be2 Nxb2 28. Rxa6 c5 29. Bxb5 Nd1 30. c4 Nc3 31. g4 fxg3 32. hxg3 Nxe4 33. Bc6 Nc3 34. Ra3 Rd6 35. Be8 Re6 36. Bd7 Re7 37. Bc6 Ne2+ 38. Kf1 g6 39. Bd5 Kg7 40. Nd2 Nd4 41. Ra8 Rd7 42. Ne4 f5 43. Ng5 Bd6 44. f4 h6 45. Ne6+ Kf6 46. Nf8 Rg7 47. Ra6 Ke7 48. Nh7 Ne6 49. Nf6 Nc7 50. Rb6 Nxd5 51. Nxd5+ Ke6 52. Nc3 Rf7 1/2-1/2

[Event "FICGS class B 000097 email"]
[Site "FICGS email"]
[Date "2010.01.12"]
[Round "1"]
[White "Dumont, Freddy"]
[Black "Valentin, Florea"]
[Result "1/2-1/2"]
[WhiteElo "1957"]
[BlackElo "1931"]
[PlyCount "122"]
[EventDate "2010.??.??"]
[EventType "tourn (corr)"]
[EventRounds "5"]
[SourceTitle "Corr 2013"]
[Source "ChessBase"]
[SourceDate "2012.11.12"]
[SourceVersion "1"]
[SourceVersionDate "2012.11.12"]
[SourceQuality "1"]

1. e4 c5 2. Nf3 d6 3. d4 cxd4 4. Nxd4 Nf6 5. Nc3 a6 6. Be2 e5 7. Nb3 Be7 8. 0-0 0-0 9. Kh1 Nc6 10. Be3 Be6 11. Bf3 a5 12. a4 Nb4 13. Qd2 Qc7 14. Rac1 b6 15. Rfd1 h6 16. Nb5 Qc6 17. Qe2 Rfc8 18. Nc3 Bc4 19. Qe1 Nxc2 20. Nxa5 bxa5 21. Rxc2 Qb7 22. Rcc1 Rab8 23. Rd2 Bb3 24. h3 Qd7 25. Ra1 Rb4 26. Qf1 Bxa4 27. Qa6 Bc6 28. Qxa5 Rcb8 29. Qa7 Rxb2 30. Rxb2 Rxb2 31. Qa6 Bf8 32. Qc4 Bb5 33. Nxb5 Qxb5 34. Ra4 Qxc4 35. Rxc4 Nd7 36. Kh2 Nc5 37. h4 Be7 38. Kg3 Kh7 39. h5 g6 40. hxg6+ fxg6 41. Bd1 Kg7 42. f3 Ne6 43. Rc6 Bg5 44. Bxg5 hxg5 45. Rc2 Rb4 46. Be2 Nf4 47. Bc4 Nh5+ 48. Kg4 Kh6 49. Kh3 Rb1 50. g4 Nf4+ 51. Kg3 Rh1 52. Rh2+ Rxh2 53. Kxh2 Kg7 54. Kg1 Kf6 55. Kf2 Ke7 56. Ke3 Kd7 57. Ba2 Kc6 58. Bf7 Kc5 59. Bg8 Kb4 60. Kd2 Kb5 61. Kc3 Kc6 1/2-1/2

[Event "FICGS W-ch st1 g10 email"]
[Site "FICGS email"]
[Date "2009.11.03"]
[Round "1"]
[White "Dikant, Christophe"]
[Black "Dumont, Freddy"]
[Result "0-1"]
[WhiteElo "2000"]
[BlackElo "1920"]
[PlyCount "76"]
[EventDate "2009.??.??"]
[EventType "tourn (corr)"]
[EventRounds "8"]
[SourceTitle "Corr 2022"]
[Source "ChessBase"]
[SourceDate "2021.10.24"]
[SourceVersion "1"]
[SourceVersionDate "2021.10.24"]
[SourceQuality "1"]

1. d4 Nf6 2. Nf3 d5 3. Bf4 c6 4. e3 Bg4 5. c4 Nbd7 6. Nc3 e6 7. h3 Bxf3 8. gxf3 Bb4 9. a3 Bxc3+ 10. bxc3 dxc4 11. Bxc4 Nd5 12. Bg3 Qa5 13. 0-0 N5b6 14. Qb3 Nxc4 15. Qxc4 Qd5 16. Qe2 0-0 17. a4 Qa5 18. Qc2 Rac8 19. c4 Rfd8 20. Kh2 Qh5 21. Kg2 c5 22. Rfb1 cxd4 23. exd4 Nb6 24. Rb5 Qh6 25. Qe4 f5 26. Qf4 g5 27. Qd2 Nxc4 28. Qd3 f4 29. Bh2 b6 30. Rg1 e5 31. d5 Qg6 32. Qxg6+ hxg6 33. Kh1 Nd2 34. Rxg5 Nxf3 35. Rxg6+ Kf7 36. Rc6 Rxc6 37. dxc6 Rd1+ 38. Kg2 Nh4# 0-1

[Event "FICGS W-ch st1 g10 email"]
[Site "FICGS email"]
[Date "2009.11.02"]
[Round "1"]
[White "Dumont, Freddy"]
[Black "Simmelink, Joop Theo"]
[Result "0-1"]
[WhiteElo "1920"]
[BlackElo "2184"]
[PlyCount "56"]
[EventDate "2009.??.??"]
[EventType "tourn (corr)"]
[EventRounds "8"]
[SourceTitle "Corr 2022"]
[Source "ChessBase"]
[SourceDate "2021.10.24"]
[SourceVersion "1"]
[SourceVersionDate "2021.10.24"]
[SourceQuality "1"]

1. e4 Nc6 2. Nf3 e5 3. Bb5 a6 4. Ba4 Nf6 5. 0-0 Be7 6. Re1 b5 7. Bb3 0-0 8. c3 d5 9. exd5 Nxd5 10. Nxe5 Nxe5 11. Rxe5 c6 12. d4 Bd6 13. Re1 Qh4 14. g3 Qh3 15. Qe2 Bg4 16. Qf1 Qh5 17. Nd2 Rae8 18. Ne4 Bc7 19. Bd2 f5 20. Nc5 f4 21. Bxf4 Bxf4 22. Rxe8 Rxe8 23. gxf4 Bf3 24. h3 Qf5 25. a3 h5 26. a4 bxa4 27. Ba2 h4 28. Bc4 Kh8 0-1